[Event "World Youth Chess Championship 2016 O16"]
[Site "Khanty Mansiysk"]
[Date "2016.09.22"]
[Round "1.28"]
[White "Plaza Reino, Agustin"]
[Black "Poleg, Dan"]
[Result "0-1"]
[WhiteElo "1891"]
[BlackElo "2321"]
[PlyCount "48"]
[EventDate "2016.09.22"]

1. e4 e5 2. Nf3 Nc6 3. d4 exd4 4. Nxd4 Nf6 5. Nxc6 bxc6 6. e5 Qe7 7. Qe2 Nd5 8.
c4 Nb6 9. b3 Qe6 10. Bb2 a5 11. Nd2 a4 12. f4 Bb4 13. Qf2 d6 14. Bd3 dxe5 15.
fxe5 Qh6 16. Bd4 axb3 17. axb3 Rxa1+ 18. Bxa1 O-O 19. Be4 Rd8 20. O-O f5 21.
exf6 Rxd2 22. Qg3 Bc5+ 23. Kh1 Rf2 24. Rd1 Bd6 0-1

[Event "World Youth Chess Championship 2016 O16"]
[Site "Khanty Mansiysk"]
[Date "2016.09.22"]
[Round "1.29"]
[White "Hilby, Craig"]
[Black "Petersen, Caleb"]
[Result "1-0"]
[WhiteElo "2319"]
[BlackElo "1884"]
[PlyCount "49"]
[EventDate "2016.09.22"]

1. e4 c5 2. Nf3 d6 3. d4 cxd4 4. Nxd4 Nf6 5. Nc3 a6 6. Be3 e6 7. g4 e5 8. Nf5
h6 9. Bg2 g6 10. Qe2 gxf5 11. exf5 Rg8 12. h3 Qe7 13. Qd3 Nc6 14. O-O-O Bd7 15.
f4 Nb4 16. Qd2 Bc6 17. g5 hxg5 18. fxg5 Nd7 19. a3 Bxg2 20. Qxg2 Nc6 21. Nd5
Qd8 22. Qd2 Ne7 23. Bb6 Qxb6 24. Nxb6 Nxb6 25. Qxd6 1-0

[Event "World Youth Chess Championship 2016 O16"]
[Site "Khanty Mansiysk"]
[Date "2016.09.22"]
[Round "1.30"]
[White "Zubehhin, Aleksei"]
[Black "Agmanov, Zhandos"]
[Result "0-1"]
[WhiteElo "1866"]
[BlackElo "2316"]
[PlyCount "80"]
[EventDate "2016.09.22"]

1. d4 Nf6 2. Nf3 e6 3. Bf4 c5 4. e3 Qb6 5. b3 Nc6 6. c3 d5 7. Bd3 Bd7 8. O-O
Rc8 9. Nbd2 Be7 10. Qe2 O-O 11. Rfc1 cxd4 12. exd4 a5 13. a4 h6 14. Ne5 Be8 15.
g4 Nxe5 16. Bxe5 Nd7 17. Bg3 f6 18. Kh1 Bf7 19. f4 Bd6 20. Bb5 Nb8 21. f5 Bxg3
22. hxg3 Qd6 23. Qd3 e5 24. Re1 Qc7 25. c4 exd4 26. Qxd4 dxc4 27. Bxc4 Nc6 28.
Bxf7+ Rxf7 29. Qf4 Ne5 30. Re3 Qc2 31. Nf3 Nd3 32. Qd4 Nf2+ 33. Kg1 Nh3+ 34.
Kh1 Qf2 35. Rc3 Rxc3 36. Qxc3 Qxg3 37. Qc8+ Kh7 38. Rf1 Nf2+ 39. Rxf2 Qxf2 40.
Ng1 Qh4+ 0-1

[Event "World Youth Chess Championship 2016 O16"]
[Site "Khanty Mansiysk"]
[Date "2016.09.22"]
[Round "1.31"]
[White "Laurent-Paoli, Pierre"]
[Black "Sezdbekov, Arzybek"]
[Result "1/2-1/2"]
[WhiteElo "2305"]
[BlackElo "1861"]
[PlyCount "119"]
[EventDate "2016.09.22"]

1. e4 e5 2. Nf3 Nc6 3. g3 Nf6 4. d3 d5 5. exd5 Qxd5 6. Bg2 Bg4 7. h3 Bxf3 8.
Bxf3 Qe6 9. Nc3 Bb4 10. Bg2 O-O 11. O-O Rad8 12. a3 Bxc3 13. bxc3 Nd5 14. Bd2
f5 15. Rb1 b6 16. Re1 Qf6 17. Qf3 h6 18. Kh2 Kh8 19. Re2 Qg6 20. Rb5 e4 21.
dxe4 Ne5 22. Qxf5 Rxf5 23. exf5 Qxf5 24. Rxd5 Rxd5 25. Bxd5 Nf3+ 26. Bxf3 Qxf3
27. Re8+ Kh7 28. Be3 Qc6 29. Re7 Qxc3 30. Rd7 c5 31. Rxa7 Qxc2 32. Rb7 Qg6 33.
Rc7 Qd6 34. Bf4 Qd5 35. Re7 Kg8 36. Re8+ Kf7 37. Rc8 b5 38. Be3 c4 39. Rc7+ Kg6
40. Rc5 Qb7 41. h4 b4 42. axb4 Qxb4 43. Bd4 Qb3 44. Rc7 Kf5 45. Rxg7 Ke4 46.
Be3 h5 47. Re7+ Kf3 48. Bc5 Qb5 49. Bd4 Qd5 50. Bb6 Qc6 51. Re3+ Kg4 52. Bd4
Qd5 53. Bc3 Qd1 54. Kg2 Qc2 55. Bd4 Qd2 56. Re4+ Kf5 57. Re5+ Kf6 58. Be3 Qd1
59. Rc5 Qe2 60. Kh2 1/2-1/2

[Event "World Youth Chess Championship 2016 O16"]
[Site "Khanty Mansiysk"]
[Date "2016.09.22"]
[Round "1.32"]
[White "Herath, H M A K."]
[Black "Ozen, Bahadir"]
[Result "0-1"]
[WhiteElo "1860"]
[BlackElo "2304"]
[PlyCount "54"]
[EventDate "2016.09.22"]

1. e4 g6 2. d4 Bg7 3. Nc3 d6 4. f4 a6 5. Nf3 b5 6. Bd3 Bb7 7. O-O Nd7 8. Ne2
Ngf6 9. Ng3 O-O 10. c3 e5 11. Re1 Re8 12. f5 exd4 13. cxd4 c5 14. d5 c4 15. Bc2
Ng4 16. Nd4 Bxd4+ 17. Qxd4 Qh4 18. Bf4 Qxh2+ 19. Kf1 Nde5 20. Qg1 Qh4 21. Nh1
gxf5 22. exf5 Bxd5 23. Be4 Nd3 24. Bg3 Qh5 25. Bxd5 Qxf5+ 26. Bf3 Nxe1 27. Rxe1
Rxe1+ 0-1

[Event "World Youth Chess Championship 2016 O16"]
[Site "Khanty Mansiysk"]
[Date "2016.09.22"]
[Round "1.33"]
[White "Yordanov, Lachezar"]
[Black "Marais, Daniel"]
[Result "0-1"]
[WhiteElo "2300"]
[BlackElo "1850"]
[PlyCount "56"]
[EventDate "2016.09.22"]

1. d4 d5 2. c4 e6 3. Nc3 Nf6 4. cxd5 exd5 5. Bg5 Nbd7 6. e3 c6 7. Bd3 Be7 8.
Qc2 O-O 9. Nge2 Re8 10. O-O Nf8 11. f3 g6 12. Kh1 Ne6 13. Bh4 Ng7 14. Qd2 Bf5
15. Bxf6 Bxf6 16. e4 dxe4 17. fxe4 Bg4 18. e5 Bg5 19. Qc2 Nf5 20. Qb3 Rxe5 21.
dxe5 Qxd3 22. Nf4 Qd4 23. Qa4 Qxa4 24. Nxa4 Rd8 25. Nc5 Rd4 26. Nce6 fxe6 27.
Nxe6 Ng3+ 28. hxg3 Bxe6 0-1

[Event "World Youth Chess Championship 2016 O16"]
[Site "Khanty Mansiysk"]
[Date "2016.09.22"]
[Round "1.34"]
[White "Min, Po-Yen"]
[Black "Askerov, Marat"]
[Result "0-1"]
[WhiteElo "1842"]
[BlackElo "2299"]
[PlyCount "50"]
[EventDate "2016.09.22"]

1. Nf3 Nf6 2. c4 e6 3. d4 Bb4+ 4. Bd2 c5 5. Nc3 cxd4 6. Nxd4 b6 7. a3 Be7 8.
Bf4 a6 9. e4 d6 10. Bg3 Bb7 11. Bd3 Nbd7 12. b4 Rc8 13. Rc1 Ne5 14. Bxe5 dxe5
15. Nb3 O-O 16. O-O a5 17. Na2 axb4 18. axb4 Nxe4 19. Re1 Ra8 20. Bxe4 Bxe4 21.
Rxe4 Rxa2 22. c5 Rb2 23. Qf3 Qd5 24. Re3 e4 25. Qg3 Bg5 0-1

[Event "World Youth Chess Championship 2016 O16"]
[Site "Khanty Mansiysk"]
[Date "2016.09.22"]
[Round "1.35"]
[White "Zhu, Yi"]
[Black "Van Der Lingen, Cornelis Petru"]
[Result "1-0"]
[WhiteElo "2296"]
[BlackElo "1826"]
[PlyCount "47"]
[EventDate "2016.09.22"]

1. d4 Nf6 2. c4 g6 3. g3 Bg7 4. Bg2 d5 5. cxd5 Nxd5 6. Nf3 O-O 7. O-O Nb6 8.
Nc3 Nc6 9. e3 Re8 10. Re1 Bg4 11. h3 Bd7 12. Kh2 Nc4 13. b3 Nd6 14. Bb2 Rb8 15.
Rc1 e5 16. d5 Ne7 17. e4 f5 18. Ng5 Nec8 19. h4 Bh6 20. f4 exf4 21. gxf4 Nxe4
22. Ncxe4 fxe4 23. Qd4 Nd6 24. Qh8# 1-0

[Event "World Youth Chess Championship 2016 O16"]
[Site "Khanty Mansiysk"]
[Date "2016.09.22"]
[Round "1.36"]
[White "Chumak, Dmitrii"]
[Black "Tran, Minh Thang"]
[Result "0-1"]
[WhiteElo "1791"]
[BlackElo "2293"]
[PlyCount "68"]
[EventDate "2016.09.22"]

1. e4 c5 2. Nf3 e6 3. d4 cxd4 4. Nxd4 Nc6 5. Nc3 Qc7 6. Be3 d6 7. Qf3 Nf6 8. a3
Ne5 9. Qg3 h5 10. f3 b5 11. Be2 a6 12. O-O Bd7 13. Kh1 Nc4 14. Bxc4 bxc4 15. f4
Rb8 16. Rad1 h4 17. Qf3 Bc8 18. f5 e5 19. Nde2 Bb7 20. Nd5 Nxd5 21. exd5 h3 22.
g3 Qa5 23. Nc3 Be7 24. Rde1 Ba8 25. Qg4 Rxb2 26. Qxg7 Rh5 27. f6 Bf8 28. Qg4
Bb7 29. Qxh5 Qxc3 30. Bf2 Rxc2 31. Qxh3 Qf3+ 32. Kg1 Rxf2 33. Rb1 Rxf1+ 34.
Qxf1 Qxd5 0-1

[Event "World Youth Chess Championship 2016 O16"]
[Site "Khanty Mansiysk"]
[Date "2016.09.22"]
[Round "1.37"]
[White "Tiglon, Bryce"]
[Black "Maerevoet, Sim"]
[Result "1-0"]
[WhiteElo "2292"]
[BlackElo "1771"]
[PlyCount "45"]
[EventDate "2016.09.22"]

1. e4 g6 2. Nf3 Bg7 3. d4 d6 4. h3 e6 5. Nc3 Nd7 6. Bf4 Ne7 7. Qd2 h6 8. Bc4 a6
9. a4 b6 10. O-O Bb7 11. Rfe1 Nf8 12. Rad1 Ng8 13. Nh2 Nf6 14. Qe2 N8h7 15. Bc1
Nd7 16. Ng4 Rb8 17. Be3 f5 18. Nh2 e5 19. dxe5 Nxe5 20. f4 Nd7 21. e5 Bc6 22.
Qd2 Nc5 23. Qf2 1-0

[Event "World Youth Chess Championship 2016 O16"]
[Site "Khanty Mansiysk"]
[Date "2016.09.22"]
[Round "1.38"]
[White "Wang, Ting-Hao"]
[Black "Mitrabha, Guha"]
[Result "0-1"]
[WhiteElo "1618"]
[BlackElo "2286"]
[PlyCount "74"]
[EventDate "2016.09.22"]

1. e4 c6 2. d4 d5 3. Nc3 dxe4 4. Nxe4 Bf5 5. Ng3 Bg6 6. Nf3 Nd7 7. Bd3 e6 8.
Bxg6 hxg6 9. Qe2 Ngf6 10. Bg5 Qc7 11. O-O Bd6 12. Rfe1 O-O-O 13. Ne5 Rdf8 14.
Nc4 Bxg3 15. fxg3 Nd5 16. Rf1 Rh5 17. Bf4 Nxf4 18. Rxf4 Nf6 19. Ne5 Rf5 20.
Raf1 Nd5 21. Rh4 c5 22. Rxf5 gxf5 23. dxc5 Qxc5+ 24. Qf2 Qxf2+ 25. Kxf2 f6 26.
Rc4+ Nc7 27. Ng6 Rd8 28. Nf4 Rd6 29. Nh5 Rd7 30. Nf4 b5 31. Rc3 Kb7 32. Rd3
Rxd3 33. Nxd3 Kc6 34. Kf3 e5 35. Nb4+ Kd6 36. g4 a5 37. gxf5 axb4 0-1

[Event "World Youth Chess Championship 2016 O16"]
[Site "Khanty Mansiysk"]
[Date "2016.09.22"]
[Round "1.40"]
[White "Van Der Meer, Anthony"]
[Black "Roshka, Yevgeniy"]
[Result "0-1"]
[WhiteElo "1073"]
[BlackElo "2275"]
[PlyCount "43"]
[EventDate "2016.09.22"]

1. e4 c5 2. f4 d5 3. e5 Nc6 4. Bb5 Qb6 5. Bxc6+ bxc6 6. Nf3 Ba6 7. d4 cxd4 8.
Qxd4 e6 9. Qxb6 axb6 10. Be3 c5 11. c3 Ne7 12. Nbd2 Nc6 13. b4 cxb4 14. Bxb6
bxc3 15. Nb3 Bc4 16. Nfd4 Nxd4 17. Nxd4 Ra6 18. Bc7 Bc5 19. Ne2 Kd7 20. Bd6
Bxd6 21. exd6 Ra3 22. O-O 0-1

[Event "World Youth Chess Championship 2016 O16"]
[Site "Khanty Mansiysk"]
[Date "2016.09.22"]
[Round "1.41"]
[White "Cadilhac, Igor Tokuichi Kikuch"]
[Black "Hsieh, Wen-Chin"]
[Result "1-0"]
[WhiteElo "2269"]
[BlackElo "1063"]
[PlyCount "57"]
[EventDate "2016.09.22"]

1. e4 e5 2. Nf3 Nc6 3. Bb5 Nf6 4. O-O Nxe4 5. d4 Nd6 6. Bxc6 dxc6 7. dxe5 Nf5
8. Qe2 Bc5 9. Rd1 Qe7 10. Nc3 O-O 11. Ne4 h6 12. g4 Nh4 13. Nxh4 Qxh4 14. Nxc5
Bxg4 15. Rd4 Bxe2 16. Rxh4 Rfe8 17. Re4 Bh5 18. Bf4 b6 19. Nd3 Rad8 20. Rae1
Re6 21. Bg3 g5 22. f4 Bg6 23. R4e3 Rd4 24. Rf1 f6 25. f5 Bxf5 26. Rxf5 Kf7 27.
Rxf6+ Rxf6 28. exf6 Kxf6 29. Be5+ 1-0